Famous Aston Villa Fans - Statistics

General Stats
  • This quiz has been taken 31 times
  • The average score is 6 of 12
Answer Stats
Name % Correct
Prince of Wales and heir apparent to the British throne William
100%
American actor, "Forrest Gump" "Saving Private Ryan" "Catch Me If You Can" Tom Hanks
97%
Prime Minister of the United Kingdom from 2010 to 2016 David Cameron
87%
Lead vocalist of Black Sabbath Ozzy Osbourne
87%
Singer, "Back to Black" "Rehab" "Valerie" Amy Winehouse
80%
Irish actor, "In Bruges" "Banshees of Inisherin" "Harry Potter" Brendan Gleeson
37%
Irish actor, "Ex Machina" "Star Wars" "Harry Potter" Domhnall Gleeson
37%
Presenter of "The Voice UK" and former presenter of "Big Brother" Emma Willis
30%
Actor best known for his roles as Arthur Weasley in "Harry Potter" and the title character in "Father Brown" Mark Williams
23%
Violinist and one of the world's most recognised classical musicians Nigel Kennedy
20%
Actor best known for his role as George Weasley in "Harry Potter" Oliver Phelps
13%
Actor, "Game of Thrones" "The Strain" "Harry Potter" David Bradley
10%
No matching quizzes found
Score Distribution
Percent of People with Each Score
Percentile by Number Answered
Your Score History
You have not taken this quiz